Constitución de la República: desafíos y propuestas

Saved in:
Bibliografiske detaljer
Main Authors: Atria Lemaitre, Fernando (Author), Bassa Mercado, Jaime Andrés (Author), Zapata Larraín, Patricio (Author)
Format: Bog
Sprog:spansk
Udgivet: Santiago Corporación de Promoción Universitaria 2017
Udgivelse:1a. ed
Serier:Diálogos Universitarios
Fag:
Tags: Tilføj Tag
Ingen Tags, Vær først til at tagge denne postø!

MARC

LEADER 00000cam a2200000 a 4500
001 UCC3025
003 CL-VaPUC
008 180406e20170800cl |||||||||||||||||spa|d
020 |a 9789562291071 
082 0 4 |a 342.83  |b ATR  |2 21 
100 |a Atria Lemaitre, Fernando  |e author  |9 525444 
700 0 |a Bassa Mercado, Jaime Andrés  |e author  |9 597052 
700 0 |a Zapata Larraín, Patricio  |e author  |9 597053 
245 1 0 |a Constitución de la República: desafíos y propuestas 
250 |a 1a. ed 
300 |a 179 p 
942 |c BK 
945 |d 20180406 12:36:00  |a arojas 
260 |a Santiago  |b Corporación de Promoción Universitaria  |c 2017 
650 0 |a Derecho constitucional chileno  |9 478271 
650 0 |a Jurisprudencia constitucional   |9 386870 
650 0 |a Derechos fundamentales   |9 254841 
650 0 |a Derechos humanos  |9 223025 
583 |a last modification  |c 20190730 11:14:38  |k Rodrigo Vera 
490 0 |a Diálogos Universitarios 
999 |c 370888  |d 370886 
952 |0 0  |1 0  |3 erb  |4 0  |6 342_830000000000000_ATR_2017  |7 0  |8 A  |9 487602  |a BIBDER  |b BIBDER  |i 546157K  |l 2  |o 342.83 ATR 2017  |p 546157K  |r 2023-01-25  |s 2020-03-12  |w 2019-11-24  |y BK  |z Catalogado en:20180406  |k DER